00933nam a2200253Ia 450000500170000000800410001704000190005804100120007708200160008910000230010524501250012825000110025326000450026430000090030950400400031865000270035865100270038570000150041285000100042794200070043799900170044495201160046195201020057720221128114815.0131103s9999 xx 000 0 und d aLoreto College aEnglish a954.14bPAL aPalit, Chittabrata aBengal before and after the Partition (1947)b The changing profile of a province cDr. Chittabrata Palit, Dr. Ujjal Roy a2nd ed aKolkatabCorpus Research Institutec2005 a99p  aIncludes bibliographical references aIndia, Bengal, History aBengal, History, 1947- aRay, Ujjal aLCLIB cBK c12800d63279 00102ddc4070aMAINbMAINd2013-11-04l1o954.14 P AL 44686pB12792r2024-04-03s2024-03-27w2013-11-04yBKf 00102ddc4070aMAINbMAINd2022-11-28l0o954.14 PAL 44686p47156r2022-11-28w2022-11-28yBKf